[Event "Osasco Carvalho Memorial"]
[Site "Osasco"]
[Date "2022.02.19"]
[Round "3"]
[White "Bustamante, Leonardo Wissenbach"]
[Black "Dacal, Daniel Santos"]
[Result "1-0"]
[WhiteElo "1477"]
[BlackElo "1800"]
[PlyCount "61"]
[EventDate "2022.02.18"]
[EventType "swiss"]
[EventRounds "6"]
[EventCountry "BRA"]
[SourceTitle "CBM 207 Extra"]
[Source "ChessBase"]
[SourceDate "2022.05.31"]
[SourceVersion "1"]
[SourceVersionDate "2022.05.31"]
[SourceQuality "1"]

1. e4 e5 2. Nc3 Nc6 3. Bc4 Nf6 4. d3 Na5 5. Bb3 Nxb3 6. axb3 Be7 7. f4 d6 8. Nf3 Bg4 9. 0-0 0-0 10. Be3 Re8 11. fxe5 dxe5 12. h3 Bh5 13. Qe2 Bf8 14. Qf2 a6 15. Kh1 b5 16. Nh2 Qc8 17. Bg5 Re6 18. Nf3 h6 19. Be3 Nd7 20. g4 Bg6 21. Nh4 Rf6 22. Qg3 Bh7 23. Rxf6 Nxf6 24. Nf5 Bxf5 25. gxf5 Kh8 26. Rg1 Qe8 27. Qh4 Kh7 28. Bxh6 gxh6 29. Qxf6 Qe7 30. Rg7+ Kh8 31. Qxh6# 1-0

[Event "Osasco Carvalho Memorial"]
[Site "Osasco"]
[Date "2022.02.19"]
[Round "4"]
[White "Gravina, Miguel Vigolo"]
[Black "Dacal, Daniel Santos"]
[Result "1-0"]
[WhiteElo "1054"]
[BlackElo "1800"]
[PlyCount "85"]
[EventDate "2022.02.18"]
[EventType "swiss"]
[EventRounds "6"]
[EventCountry "BRA"]
[SourceTitle "CBM 207 Extra"]
[Source "ChessBase"]
[SourceDate "2022.05.31"]
[SourceVersion "1"]
[SourceVersionDate "2022.05.31"]
[SourceQuality "1"]

1. e4 e5 2. Nf3 Nc6 3. Nc3 Nf6 4. Bc4 Be7 5. d3 0-0 6. 0-0 d6 7. h3 Na5 8. Bd5 c6 9. Bb3 Nxb3 10. axb3 b5 11. Ne2 Bb7 12. c3 a5 13. Ng3 Re8 14. d4 exd4 15. cxd4 c5 16. Re1 h6 17. Qd3 b4 18. Be3 Bf8 19. Bf4 cxd4 20. Qxd4 Qe7 21. Nd2 d5 22. exd5 Qd7 23. Rxe8 Nxe8 24. Nc4 Bxd5 25. Nb6 Qc6 26. Nxa8 Qxa8 27. f3 Bxb3 28. Qb6 a4 29. Qe3 Nf6 30. Qxb3 Bc5+ 31. Kh2 axb3 32. Rxa8+ Kh7 33. Rc8 Bd4 34. Rc4 Bxb2 35. Rxb4 Nd5 36. Re4 Nxf4 37. Rxf4 Bc1 38. Rb4 b2 39. Ne2 g5 40. g4 Kg6 41. Kg1 h5 42. Kf1 hxg4 43. hxg4 1-0

[Event "Osasco Carvalho Memorial"]
[Site "Osasco"]
[Date "2022.02.18"]
[Round "1"]
[White "Dacal, Daniel Santos"]
[Black "Eto, Fabio Luis"]
[Result "0-1"]
[WhiteElo "1800"]
[BlackElo "1553"]
[PlyCount "40"]
[EventDate "2022.02.18"]
[EventType "swiss"]
[EventRounds "6"]
[EventCountry "BRA"]
[SourceTitle "CBM 207 Extra"]
[Source "ChessBase"]
[SourceDate "2022.05.31"]
[SourceVersion "1"]
[SourceVersionDate "2022.05.31"]
[SourceQuality "1"]

1. e4 c5 2. Nf3 Nc6 3. Nc3 d6 4. Bb5 Bd7 5. d3 g6 6. 0-0 Bg7 7. Bd2 Nf6 8. Re1 0-0 9. Qc1 Nd4 10. Nxd4 cxd4 11. Bxd7 dxc3 12. Bxc3 Nxd7 13. Bxg7 Kxg7 14. c3 f5 15. Qe3 f4 16. Qd4+ Ne5 17. Rad1 f3 18. h4 Qd7 19. Re3 Qg4 20. g3 Qh3 0-1